Living embryos; (Record no. 2202)
[ view plain ]
| 000 -LEADER | |
|---|---|
| fixed length control field | 00553nam a22001811 4500 |
| 001 - CONTROL NUMBER | |
| control field | 1699390 |
| 005 - DATE AND TIME OF LATEST TRANSACTION | |
| control field | 20241214110239.0 |
| 008 - FIXED-LENGTH DATA ELEMENTS--GENERAL INFORMATION | |
| fixed length control field | 740608s1967 enka b 000 0 eng |
| 050 00 - LIBRARY OF CONGRESS CALL NUMBER | |
| Classification number | QL955 |
| Item number | .C59 1967 |
| 082 00 - DEWEY DECIMAL CLASSIFICATION NUMBER | |
| Classification number | 591.3/3 |
| 100 1# - MAIN ENTRY--PERSONAL NAME | |
| Personal name | Cohen, Jack. |
| 245 10 - TITLE STATEMENT | |
| Title | Living embryos; |
| Remainder of title | an introduction to the study of animal development. |
| 250 ## - EDITION STATEMENT | |
| Edition statement | [2d ed., rev. and enl.] |
| 260 ## - PUBLICATION, DISTRIBUTION, ETC. | |
| Place of publication, distribution, etc. | Oxford, |
| -- | New York, |
| Name of publisher, distributor, etc. | Pergamon Press |
| Date of publication, distribution, etc. | [1970] |
| 300 ## - PHYSICAL DESCRIPTION | |
| Extent | x, 156 p. |
| Other physical details | illus. |
| Dimensions | 20 cm. |
| 650 #0 - SUBJECT ADDED ENTRY--TOPICAL TERM | |
| Topical term or geographic name entry element | Embryology. |
| 942 ## - ADDED ENTRY ELEMENTS (KOHA) | |
| Source of classification or shelving scheme | Library of Congress Classification |
| Koha item type | Books |
| Edition | 2nd ed. revised and enlarged |
| Suppress in OPAC | No |
| 999 ## - | |
| -- | 2202 |
| -- | 2202 |
| Withdrawn status | Lost status | Source of classification or shelving scheme | Damaged status | Not for loan | Collection | Home library | Current library | Shelving location | Date acquired | Total checkouts | Full call number | Barcode | Date last seen | Copy number | Price effective from | Koha item type |
|---|---|---|---|---|---|---|---|---|---|---|---|---|---|---|---|---|
| Library of Congress Classification | Non-fiction | Science Library (Miotso) | Science Library (Miotso) | General stacks | 12/14/2024 | QL955 .C59 COH | SLM00001374 | 12/14/2024 | 1 | 12/14/2024 | Books |